Govt. of
Madhya Pradesh

हिन्‍दी काव्‍य की प्रवृत्तियॉ (Record no. 64592)

MARC details
000 -LEADER
fixed length control field 00367nam a2200109Ia 4500
008 - FIXED-LENGTH DATA ELEMENTS--GENERAL INFORMATION
fixed length control field 221009s9999 xx 000 0 und d
082 ## - DEWEY DECIMAL CLASSIFICATION NUMBER
Classification number 800/MAC
100 ## - MAIN ENTRY--PERSONAL NAME
Personal name माचवे प्रभाकर
9 (RLIN) 37730
245 #0 - TITLE STATEMENT
Title हिन्‍दी काव्‍य की प्रवृत्तियॉ
260 ## - PUBLICATION, DISTRIBUTION, ETC. (IMPRINT)
Name of publisher, distributor, etc. राजकमल प्रकाशन
942 ## - ADDED ENTRY ELEMENTS (KOHA)
Koha item type Books
Holdings
Withdrawn status Lost status Damaged status Not for loan Home library Current library Shelving location Date acquired Total Checkouts Barcode Date last seen Price effective from Koha item type
        MACL MACL General Stacks 11/10/2022   CLH000421 11/10/2022 11/10/2022 Books